000 02126cam a2200397 i 4500
001 768714001
003 CO-MdFUSB
005 20210520155713.0
007 ta
008 760622t1976 ilu b 000 0 eng
010 _a75021454
020 _a0877847681
020 _a9780877847687
040 _aDLC
_beng
_cCO-MdFUSB
_dOCLCQ
_dCO-MdFUSB
_dBAKER
_dWY@
_dHNW
_dDEBBG
_dOCLCQ
_dYDXCP
_dSGB
_dOCLCA
_dHNW
_dOCLCA
_dOCLCF
_dOCLCQ
_dOCLCA
_dLMR
_erda
041 _aeng
082 _223
_a223.907
_bG559
100 1 _aGlickman, S. Craig.
_eautor
245 1 2 _aA song for lovers :
_bincluding a new paraphrase and a new translation of the Song of Solomon
_c/ S. Craig Glickman ; prólogo por Howard G. Hendricks
264 1 _aDowners Grove, Ill. :
_bInterVarsity Press,
_c[1976]
264 4 _c© 1976
300 _a188 páginas ;
_c21 cm.
336 _atexto
_btxt
_2rdacontent.
337 _asin mediación
_bn
_2rdamedia.
338 _avolumen
_bnc
_2rdacarrier.
504 _aIncluye referencias bibliográficas.
505 _aUna noche para recordar - El nacimiento del romance - La flor del cortejo - Gotas de lluvia sobre rosas - Nuevas estaciones de la primavera - La naturaleza del amor - Antes de que suenen las campanas - Fe, esperanza y terapia - Principios y paralelos - Sombra y realidad - Una paráfrasis interpretativa de la canción de Salomón - Una traducción moderna al inglés de la canción de Salomón - Interpretación de la canción de Salomón.
520 _aEl único libro de la Biblia totalmente dedicado al amor, el sexo y el matrimonio: el Cantar de los Cantares. Hoy puede hablarnos claramente sobre el ruido del caos moral moderno. A través de una lectura perspicaz y sensible de la canción de Salomón, S. Craig Glickman presenta una discusión abierta y franca de lo que Dios quiere que sea el amor romántico. - Contraportada.
563 _aRústico
630 7 _aBiblia.
_pCantares
_xCrítica, interpretación, etc.
655 7 _aCriticism, interpretation, etc.
655 7 _aParaphrases.
942 _cBK
945 _aJTF-925
999 _c66264
_d66264